500 Children's sermon outlines. (Record no. 3778)

000 -LEADER
fixed length control field 00701nam a2200217 a 4500
001 - CONTROL NUMBER
control field :::00001513$&:&@@
003 - CONTROL NUMBER IDENTIFIER
control field OkBaRHE
005 - DATE AND TIME OF LATEST TRANSACTION
control field 20000607103244.0
008 - FIXED-LENGTH DATA ELEMENTS--GENERAL INFORMATION
fixed length control field s1987 j 000 0 eng u
040 ## - CATALOGING SOURCE
Transcribing agency
100 1# - MAIN ENTRY--PERSONAL NAME
Personal name Ritchie, John, 1853-1930.
245 10 - TITLE STATEMENT
Title 500 Children's sermon outlines.
260 ## - PUBLICATION, DISTRIBUTION, ETC. (IMPRINT)
Place of publication, distribution, etc Grand Rapids, MI., :
Name of publisher, distributor, etc Kregel Publications
Date of publication, distribution, etc c1987
300 ## - PHYSICAL DESCRIPTION
Extent 127 p. ;
Dimensions 20 cm.
490 0# - SERIES STATEMENT
Series statement John Ritchie sermon outline series.
650 ## - SUBJECT ADDED ENTRY--TOPICAL TERM
Topical term or geographic name as entry element Bible
General subdivision Outlines, Syllabi, etc.
650 ## - SUBJECT ADDED ENTRY--TOPICAL TERM
Topical term or geographic name as entry element Children's Sermons
730 ## - ADDED ENTRY--UNIFORM TITLE
Uniform title Five hundred children's subjects.
942 ## - ADDED ENTRY ELEMENTS (KOHA)
Source of classification or shelving scheme
Koha item type Books
Copies
Koha item type Date acquired Date checked out Lost status Current Location Damaged status Not for loan Full call number Shelving location Copy number Source of classification or shelving scheme Barcode Withdrawn status Price effective from Date last seen Total Renewals Permanent Location Total Checkouts
Books2010-04-142014-12-01 RHEMA Bible Training College  BS 591 .R57General Stacks1 1513 2010-04-142018-03-125RHEMA Bible Training College1